Turkey and Greece (Record no. 81390)

MARC details
000 -LEADER
fixed length control field 00867cab a22002415a 4500
001 - CONTROL NUMBER
control field L147116
008 - FIXED-LENGTH DATA ELEMENTS--GENERAL INFORMATION
fixed length control field 090402e20090302xxkad f s 000 0 eng d
035 ## - SYSTEM CONTROL NUMBER
System control number (Sirsi) u147116
041 0# - LANGUAGE CODE
Language code of text/sound track or separate title eng
110 2# - MAIN ENTRY--CORPORATE NAME
Corporate name or jurisdiction name as entry element EuroProperty
9 (RLIN) 1216
245 00 - TITLE STATEMENT
Title Turkey and Greece
260 ## - PUBLICATION, DISTRIBUTION, ETC.
Date of publication, distribution, etc. 2009
490 #0 - SERIES STATEMENT
Series statement EuroProperty
Volume/sequential designation 2 March 2009, 25-29(5)
520 ## - SUMMARY, ETC.
Summary, etc. Reports that Turkey's retail property boom has been hit by oversupply and market downturn. Examines how planning bureaucracy has inhibited development in the Greek retail market. Comments also on the Greek office market and the commercial real estate market in neighbouring Serbia and Croatia. Tables.
590 ## - LOCAL NOTE (RLIN)
Local note KA
651 #4 - SUBJECT ADDED ENTRY--GEOGRAPHIC NAME
Geographic name Turkey
651 #4 - SUBJECT ADDED ENTRY--GEOGRAPHIC NAME
Geographic name Greece
651 #4 - SUBJECT ADDED ENTRY--GEOGRAPHIC NAME
Geographic name Serbia
651 #4 - SUBJECT ADDED ENTRY--GEOGRAPHIC NAME
Geographic name Croatia
651 #4 - SUBJECT ADDED ENTRY--GEOGRAPHIC NAME
Geographic name Europe
690 ## - LOCAL SUBJECT ADDED ENTRY--TOPICAL TERM (OCLC, RLIN)
Topical term or geographic name as entry element PROPERTY-COMMERCIAL PROPERTY-COMMERCIAL PROPERTY MARKET
942 ## - ADDED ENTRY ELEMENTS (KOHA)
Suppress in OPAC 0
Holdings
Withdrawn status Lost status Source of classification or shelving scheme Damaged status Not for loan Home library Current library Shelving location Date acquired Total Checkouts Full call number Barcode Date last seen Copy number Price effective from Koha item type
    Dewey Decimal Classification     London London Journal article 02/04/2009   L147116 147116-1001 06/08/2019 1 06/08/2019 Journal article